Dinámica poblacional del patocuervo (Phalacrocorax brasilianus) y su efecto sobre el recurso pesquero en la represa del Río Calima, Valle del Cauca (Registro nro. 16214)

Detalles MARC
000 -CABECERA
Campo de control 007740000a22002170004500
090 ## - CLASIFICACIÓN LOCAL
Colección AS
Consecutivo Seriadas
041 0# - IDIOMA
Código de idioma para texto/pista de sonido o título separado
044 ## - PAÍS DE PUBLICACIÓN
País de publicación
100 1# - ASIENTO PRINCIPAL--NOMBRE PERSONAL
Nombre personal Morales, Germán
245 10 - MENCION DE TITULO
Título Dinámica poblacional del patocuervo (Phalacrocorax brasilianus) y su efecto sobre el recurso pesquero en la represa del Río Calima, Valle del Cauca
651 #4 - ASIENTO SECUNDARIO DE MATERIA - NOMBRE GEOGRAFICO
-- Valle
-- Represa del Río Calima
653 ## - TERMINO DE INDIZACION - NO CONTROLADO
-- Phalacrocorax brasilianus
-- Patocuervo
700 1# - ASIENTO SECUNDARIO - NOMBRE PERSONAL
Nombre personal Johnston G., Richard
700 1# - ASIENTO SECUNDARIO - NOMBRE PERSONAL
Nombre personal Chasqui V., Luis
700 1# - ASIENTO SECUNDARIO - NOMBRE PERSONAL
Nombre personal Reyes Gutiérrez, Milton
773 1# - Item fuente:
Título Cespedesia
Detalles específicos del material Dic.
Descripción física 79
Paginas del Articulo 7-19
Lugar, editorial y fecha de publicación 2002
Información sobre la relación 25
942 ## - ELEMENTOS ADICIONALES (KOHA)
Tipo de ítem Artículo

No hay ítems disponibles.